000 00555nam a22001817a 4500
999 _c9383
_d9383
008 210409b ||||| |||| 00| 0 eng d
040 _aBMS College of Architecture
100 _aVandana, S Talikoti
245 _aDevelopment of Agro based industrial park
300 _a54p.
500 _a1BM13AHD10
502 _8M.Arch
_NBMS College of Architecture, Visvesvaraya Technological University
_aDissertation
_d2015
650 _aAgro
650 _aPark
700 _aMamatha P Raj
_eGuide
700 _aSadashiv Chakravarthy
_eGuide
942 _2ddc
_cPGTHE